[Event "26.Torneo Collado Villalba 2011"]
[Site "Collado Villalba ESP"]
[Date "2011.08.28"]
[Round "6.32"]
[White "Garcia-Sanchez Navarro, Mariano"]
[Black "Perez Ortego, Alberto"]
[Result "0-1"]
[WhiteElo "1573"]
[BlackElo "1581"]
[PlyCount "136"]
[EventDate "2011.08.23"]
[EventType "swiss"]
[EventRounds "9"]
[EventCountry "ESP"]
[Source "lmi"]
[SourceDate "2011.08.23"]

1. f4 e5 2. fxe5 Nc6 3. Nf3 d6 4. e3 dxe5 5. Bb5 Bd7 6. O-O Bd6 7. b3 a6 8. Be2
Be6 9. Bb2 f6 10. d3 Qd7 11. Nbd2 Bc5 12. d4 exd4 13. exd4 Bb6 14. c3 O-O-O 15.
Ne4 Nge7 16. Nc5 Bxc5 17. dxc5 Nd5 18. Re1 Ne3 19. Qxd7+ Rxd7 20. Rac1 Bg4 21.
Bxa6 bxa6 22. Rxe3 Bxf3 23. Rxf3 Rhd8 24. h3 Rd1+ 25. Rxd1 Rxd1+ 26. Rf1 Rd2
27. Rf2 Rd1+ 28. Kh2 Ne5 29. Re2 Nd3 30. Ba3 Ne5 31. c4 a5 32. Bb2 Nd3 33. c6
Kd8 34. Bc3 Nb4 35. Rd2+ Rxd2 36. Bxd2 Nxa2 37. Bxa5 Nc1 38. b4 Nb3 39. Kg3 g6
40. Kf3 Nd2+ 41. Ke3 Nxc4+ 42. Kd3 Ne5+ 43. Kd4 Nxc6+ 44. Kc5 Kd7 45. Kb5 h5
46. Ka4 Ne5 47. b5 g5 48. Bc3 g4 49. hxg4 Nxg4 50. Bd4 f5 51. Ka5 Nh6 52. Ka6
Ng8 53. Be5 Ne7 54. Kb7 Nd5 55. g3 Kd8 56. Kc6 Ne7+ 57. Kc5 Kd7 58. Bf6 Ng6 59.
Bg5 Ne5 60. Kd5 Nf7 61. Bf4 Nd6 62. Bxd6 cxd6 63. b6 f4 64. gxf4 h4 65. Ke4 d5+
66. Kxd5 h3 67. b7 Kc7 68. Ke4 h2 0-1

[Event "26.Torneo Collado Villalba 2011"]
[Site "Collado Villalba ESP"]
[Date "2011.08.29"]
[Round "7.3"]
[White "Vazquez Igarza, Renier"]
[Black "Roa Alonso, Santiago"]
[Result "1-0"]
[WhiteElo "2561"]
[BlackElo "2428"]
[PlyCount "117"]
[EventDate "2011.08.23"]
[EventType "swiss"]
[EventRounds "9"]
[EventCountry "ESP"]
[Source "lmi"]
[SourceDate "2011.08.23"]

1. d4 d5 2. c4 e6 3. Nc3 Nf6 4. cxd5 exd5 5. Bg5 c6 6. Qc2 Na6 7. e3 Nb4 8. Qb1
a5 9. a3 Na6 10. Bd3 g6 11. Nf3 Nc7 12. O-O Be7 13. Qc2 Ne6 14. Bxf6 Bxf6 15.
b4 O-O 16. Rab1 axb4 17. axb4 Qd6 18. Na4 b5 19. Nb6 Rb8 20. Nxc8 Rfxc8 21. h4
Kg7 22. g3 h5 23. Rfc1 Rc7 24. Qa2 Rbb7 25. Rb3 Ra7 26. Ra3 Qe7 27. Ra5 Nd8 28.
Ra1 Rab7 29. Qb3 Ra7 30. Kg2 Rab7 31. Qa3 Qd6 32. Ra8 Qe7 33. Kg1 Ne6 34. Bf1
Nf8 35. Bh3 Ne6 36. Kg2 Qd6 37. Ne1 Re7 38. Rc1 g5 39. Bxe6 Qxe6 40. hxg5 Bxg5
41. Qd3 Ra7 42. Rxa7 Rxa7 43. Nf3 Bf6 44. Rh1 Qg4 45. Qc2 Ra6 46. Nh4 Bxh4 47.
Rxh4 Qg6 48. Qd1 Ra2 49. Qf3 Rb2 50. Rxh5 Qe4 51. Qxe4 dxe4 52. Rc5 Rxb4 53.
Rxc6 f5 54. g4 fxg4 55. Re6 Rc4 56. Rxe4 Rc7 57. Rxg4+ Kf6 58. Kf3 b4 59. Rg1
1-0

[Event "26.Torneo Collado Villalba 2011"]
[Site "Collado Villalba ESP"]
[Date "2011.08.29"]
[Round "7.4"]
[White "Gomez Garrido, Camilo"]
[Black "Madina Yadarola, Martin"]
[Result "1-0"]
[WhiteElo "2524"]
[BlackElo "2291"]
[PlyCount "87"]
[EventDate "2011.08.23"]
[EventType "swiss"]
[EventRounds "9"]
[EventCountry "ESP"]
[Source "lmi"]
[SourceDate "2011.08.23"]

1. e4 e5 2. Nf3 Qe7 3. Bc4 d6 4. O-O Bg4 5. h3 Bh5 6. d3 Nf6 7. Re1 h6 8. c3 c6
9. d4 Qc7 10. Nbd2 Nbd7 11. Nf1 g5 12. Ng3 Bg6 13. b3 O-O-O 14. Bf1 Kb8 15. a4
Re8 16. dxe5 dxe5 17. b4 Nh5 18. Nxh5 Bxh5 19. Be3 Nf6 20. b5 Nxe4 21. bxc6 Bc5
22. g4 Bg6 23. Bxc5 Nxc5 24. Qd5 Qxc6 25. Qxc6 bxc6 26. Nxe5 Kc7 27. Bc4 Rhf8
28. a5 Nd7 29. Nxg6 fxg6 30. Rxe8 Rxe8 31. Bd3 Rf8 32. Bxg6 Rf3 33. Rc1 Rf4 34.
Re1 Kd6 35. Re8 Ra4 36. Bf5 Ne5 37. Re6+ Kd5 38. Rxh6 Rxa5 39. Kg2 Rc5 40. Rh5
a5 41. Rxg5 a4 42. f4 a3 43. Bb1 Rxc3 44. Rxe5+ 1-0

[Event "26.Torneo Collado Villalba 2011"]
[Site "Collado Villalba ESP"]
[Date "2011.08.29"]
[Round "7.5"]
[White "Barria Zuniga, Daniel"]
[Black "Renteria, Jorge"]
[Result "1-0"]
[WhiteElo "2443"]
[BlackElo "2320"]
[PlyCount "79"]
[EventDate "2011.08.23"]
[EventType "swiss"]
[EventRounds "9"]
[EventCountry "ESP"]
[Source "lmi"]
[SourceDate "2011.08.23"]

1. d4 Nf6 2. c4 c5 3. d5 b5 4. Qc2 g6 5. e4 d6 6. cxb5 a6 7. Nc3 Bg7 8. Nf3 O-O
9. a4 axb5 10. Bxb5 Ba6 11. O-O Bxb5 12. Nxb5 Na6 13. Bd2 Ne8 14. Bc3 Nec7 15.
Nd2 Rb8 16. Nc4 Qd7 17. Na5 Nxb5 18. axb5 Rxb5 19. Nc6 Nb4 20. Bxb4 cxb4 21.
Ra7 Rb7 22. Rfa1 Bf6 23. g3 Kg7 24. Kg2 Re8 25. R1a4 e6 26. Rxb7 Qxb7 27. Rxb4
Qd7 28. Rc4 exd5 29. exd5 h5 30. h4 Re1 31. Rf4 Be5 32. Rc4 Qe8 33. Re4 Rxe4
34. Qxe4 f5 35. Qe3 Kf7 36. b4 Bf6 37. b5 Qd7 38. Qe6+ Qxe6 39. dxe6+ Kxe6 40.
b6 1-0

[Event "26.Torneo Collado Villalba 2011"]
[Site "Collado Villalba ESP"]
[Date "2011.08.29"]
[Round "7.6"]
[White "Moreno Ruiz, Javier"]
[Black "Ramos Aldoradin, John Paul"]
[Result "1/2-1/2"]
[WhiteElo "2545"]
[BlackElo "2159"]
[PlyCount "86"]
[EventDate "2011.08.23"]
[EventType "swiss"]
[EventRounds "9"]
[EventCountry "ESP"]
[Source "lmi"]
[SourceDate "2011.08.23"]

1. d4 e6 2. c4 d5 3. Nc3 c6 4. e3 Bd6 5. Bd3 f5 6. f4 dxc4 7. Bxc4 Qh4+ 8. g3
Qe7 9. Nf3 Nf6 10. Qc2 b5 11. Bb3 Bb7 12. O-O a5 13. a3 a4 14. Ba2 Na6 15. Ng5
Nc7 16. e4 h6 17. Nf3 Nxe4 18. Nxe4 fxe4 19. Ne5 Bxe5 20. fxe5 O-O-O 21. Be3
Nd5 22. Bd2 e3 23. Ba5 Rd7 24. Qc5 Qxc5 25. dxc5 b4 26. Bc4 b3 27. Rae1 Kb8 28.
Rf3 Ba6 29. Bxd5 Rxd5 30. Rexe3 Rxc5 31. Bc3 Rd8 32. Rf4 Bb5 33. Ref3 Rcd5 34.
Rf7 R5d7 35. Kf2 Rxf7 36. Rxf7 Rd1 37. Rf3 Rf1+ 38. Ke3 Rxf3+ 39. Kxf3 h5 40.
Ke3 Kc7 41. Kf4 Bd3 42. Kg5 g6 43. Kf6 Kd7 1/2-1/2

[Event "26.Torneo Collado Villalba 2011"]
[Site "Collado Villalba ESP"]
[Date "2011.08.29"]
[Round "7.7"]
[White "Sanchez Gonzalez, Sergio"]
[Black "Draghici Flutur, Gavril"]
[Result "1/2-1/2"]
[WhiteElo "2302"]
[BlackElo "2077"]
[PlyCount "81"]
[EventDate "2011.08.23"]
[EventType "swiss"]
[EventRounds "9"]
[EventCountry "ESP"]
[Source "lmi"]
[SourceDate "2011.08.23"]

1. c4 e5 2. Nc3 Nf6 3. Nf3 Nc6 4. g3 d5 5. cxd5 Nxd5 6. Bg2 Nb6 7. O-O Be7 8.
a3 O-O 9. b4 Be6 10. Rb1 f6 11. d3 a5 12. b5 Nd4 13. Nd2 Nd5 14. Na4 Qd7 15.
Ne4 b6 16. Nec3 Rad8 17. e3 Nxc3 18. Nxc3 Bg4 19. Bd5+ Kh8 20. f3 Be6 21. Be4
f5 22. Bb7 f4 23. gxf4 exf4 24. exd4 Qxd4+ 25. Kh1 Qxc3 26. Bb2 Qxd3 27. Qxd3
Rxd3 28. Rfe1 Re3 29. Bd4 Bg5 30. Bxe3 fxe3 31. Rbc1 Bf4 32. Rc3 Rd8 33. Kg1
Kg8 34. Re2 Rd1+ 35. Kg2 Rd2 36. Rxd2 exd2 37. Rd3 Kf8 38. Bd5 Bf5 39. Be4 Be6
40. Kf2 Bb3 41. Ke2 1/2-1/2

[Event "26.Torneo Collado Villalba 2011"]
[Site "Collado Villalba ESP"]
[Date "2011.08.29"]
[Round "7.8"]
[White "Bermejo Arruego, Luis"]
[Black "Pastor Alonso De Prado, Emilio"]
[Result "1-0"]
[WhiteElo "2157"]
[BlackElo "2197"]
[PlyCount "101"]
[EventDate "2011.08.23"]
[EventType "swiss"]
[EventRounds "9"]
[EventCountry "ESP"]
[Source "lmi"]
[SourceDate "2011.08.23"]

1. e4 e5 2. Nf3 Nc6 3. d4 exd4 4. Nxd4 Nf6 5. Nc3 Bb4 6. Nxc6 bxc6 7. Bd3 d5 8.
exd5 cxd5 9. O-O O-O 10. Bg5 c6 11. Qf3 Be7 12. h3 Re8 13. Rfe1 Be6 14. Ne2 Nd7
15. Bxe7 Qxe7 16. Nd4 c5 17. Nxe6 fxe6 18. c4 Qf6 19. Qe2 d4 20. Qe4 Nf8 21.
Re2 Rab8 22. Qc6 Rec8 23. Qa6 Rc7 24. Rae1 Rb6 25. Qa4 Rb4 26. Qe8 Qf7 27. Qa8
Rcb7 28. b3 R4b6 29. Re5 Rb8 30. Qe4 Rc8 31. g3 a5 32. Bc2 a4 33. bxa4 Rb2 34.
Qd3 Rxa2 35. Qb3 Rxc2 36. Qxc2 Qc7 37. h4 Rb8 38. h5 Rb4 39. Qe4 h6 40. Qa8 Rb8
41. Rxc5 Rxa8 42. Rxc7 Rxa4 43. Re4 Ra1+ 44. Kg2 Rd1 45. Rc8 g5 46. Rxe6 Kf7
47. Rxh6 Ne6 48. Rh7+ Kf6 49. Rc6 Re1 50. Rh6+ Ke7 51. Rhxe6+ 1-0

[Event "26.Torneo Collado Villalba 2011"]
[Site "Collado Villalba ESP"]
[Date "2011.08.29"]
[Round "7.9"]
[White "Rodrigo Yanguas, Maria"]
[Black "Montanes Arribas, Adrian"]
[Result "1-0"]
[WhiteElo "2102"]
[BlackElo "2177"]
[PlyCount "59"]
[EventDate "2011.08.23"]
[EventType "swiss"]
[EventRounds "9"]
[EventCountry "ESP"]
[Source "lmi"]
[SourceDate "2011.08.23"]

1. e4 e5 2. Nf3 Nc6 3. d4 exd4 4. Nxd4 Bc5 5. c3 Qf6 6. Be3 Nge7 7. Qd2 a6 8.
f4 Bxd4 9. cxd4 d5 10. Nc3 O-O 11. O-O-O dxe4 12. d5 Rd8 13. Qe1 Nb4 14. Nxe4
Nxa2+ 15. Kb1 Qg6 16. Bc5 Bf5 17. Kxa2 Nxd5 18. Ng3 Qc6 19. Nxf5 Qxc5 20. Rd4
a5 21. Qe4 Nb4+ 22. Kb1 Re8 23. Rc4 Qb6 24. Qd4 Qg6 25. Bd3 Nxd3 26. Qxd3 Qxg2
27. Rd1 g6 28. Qd4 f6 29. Rxc7 Rac8 30. Qc4+ 1-0

[Event "26.Torneo Collado Villalba 2011"]
[Site "Collado Villalba ESP"]
[Date "2011.08.29"]
[Round "7.10"]
[White "Ledo Galan, Jose Emilio"]
[Black "Mena Corrochano, Alberto"]
[Result "0-1"]
[WhiteElo "2073"]
[BlackElo "2175"]
[PlyCount "86"]
[EventDate "2011.08.23"]
[EventType "swiss"]
[EventRounds "9"]
[EventCountry "ESP"]
[Source "lmi"]
[SourceDate "2011.08.23"]

1. e4 c5 2. Nf3 e6 3. d4 cxd4 4. Nxd4 Nc6 5. Nc3 Qc7 6. Be3 a6 7. a3 Nf6 8. Be2
Nxd4 9. Bxd4 Bd6 10. h3 b5 11. Bf3 Rb8 12. O-O Bb7 13. Re1 Be5 14. Qd2 d6 15.
Rad1 O-O 16. Bxe5 dxe5 17. Qd6 Qxd6 18. Rxd6 Rfd8 19. Red1 Rxd6 20. Rxd6 Kf8
21. Kf1 Ke7 22. Rd2 Rc8 23. Ke2 Ne8 24. Ke3 Nd6 25. Be2 Rxc3+ 26. bxc3 Nxe4 27.
Rd1 Nxc3 28. Rg1 f5 29. g3 g5 30. f3 e4 31. fxe4 Nxe2 32. Kxe2 Bxe4 33. c3 Bd5
34. Ke3 e5 35. Ra1 f4+ 36. gxf4 gxf4+ 37. Kd3 Ke6 38. a4 Kf5 39. axb5 axb5 40.
Ra7 Bc4+ 41. Kd2 e4 42. Rxh7 e3+ 43. Ke1 f3 0-1

[Event "26.Torneo Collado Villalba 2011"]
[Site "Collado Villalba ESP"]
[Date "2011.08.29"]
[Round "7.11"]
[White "Longa Yauca, Javier"]
[Black "Martin Duque, Jesus"]
[Result "1-0"]
[WhiteElo "2288"]
[BlackElo "2124"]
[PlyCount "63"]
[EventDate "2011.08.23"]
[EventType "swiss"]
[EventRounds "9"]
[EventCountry "ESP"]
[Source "lmi"]
[SourceDate "2011.08.23"]

1. b3 c6 2. Bb2 d5 3. f4 Nf6 4. Nf3 Bg4 5. e3 Nbd7 6. Be2 Bxf3 7. Bxf3 Qc7 8.
c4 dxc4 9. bxc4 e5 10. fxe5 Nxe5 11. Be2 h5 12. Qc2 Neg4 13. Bxf6 Nxf6 14. Nc3
Qe5 15. Rb1 O-O-O 16. Bf3 Bc5 17. Qb3 b6 18. Ne2 Ne4 19. d4 Bxd4 20. exd4 Rxd4
21. O-O Rd2 22. Qe3 Qc5 23. Qxc5 Nxc5 24. Ng3 Rxa2 25. Bxc6 Kc7 26. Bd5 f6 27.
Nf5 Na4 28. Rbe1 Nc3 29. Re7+ Kd8 30. Bc6 g6 31. Rd7+ Kc8 32. Nd6+ 1-0

[Event "26.Torneo Collado Villalba 2011"]
[Site "Collado Villalba ESP"]
[Date "2011.08.29"]
[Round "7.12"]
[White "Desanjose Candalija, Eduardo"]
[Black "Garcia Galeote, Lorenzo"]
[Result "1-0"]
[WhiteElo "2275"]
[BlackElo "2059"]
[PlyCount "71"]
[EventDate "2011.08.23"]
[EventType "swiss"]
[EventRounds "9"]
[EventCountry "ESP"]
[Source "lmi"]
[SourceDate "2011.08.23"]

1. d4 d5 2. c4 e6 3. Nf3 Nf6 4. g3 Be7 5. Bg2 O-O 6. O-O c6 7. Qc2 b6 8. Nbd2
Bb7 9. b3 Na6 10. Bb2 Rc8 11. Rad1 Qc7 12. a3 c5 13. cxd5 Bxd5 14. e4 Bb7 15.
Qb1 cxd4 16. Nxd4 Rfd8 17. b4 Qb8 18. Rfe1 Qa8 19. Bh3 Kh8 20. e5 Ne8 21. f4
Nac7 22. Ne4 Nb5 23. Ng5 Bxg5 24. Nxb5 Be7 25. f5 Be4 26. Qa1 exf5 27. Rxd8
Rxd8 28. Nd4 Qd5 29. Nxf5 Bxf5 30. Bxf5 Qf3 31. Be4 Qg4 32. Bc3 Bg5 33. Qa2 Rd1
34. Qxf7 Rxe1+ 35. Bxe1 Be3+ 36. Bf2 1-0

[Event "26.Torneo Collado Villalba 2011"]
[Site "Collado Villalba ESP"]
[Date "2011.08.29"]
[Round "7.13"]
[White "Bolea Jover, Jose"]
[Black "Semprun Martinez, Fernando"]
[Result "1-0"]
[WhiteElo "2021"]
[BlackElo "2239"]
[PlyCount "93"]
[EventDate "2011.08.23"]
[EventType "swiss"]
[EventRounds "9"]
[EventCountry "ESP"]
[Source "lmi"]
[SourceDate "2011.08.23"]

1. e4 e5 2. Bc4 Nf6 3. d3 Nc6 4. Nf3 Be7 5. O-O O-O 6. c3 d5 7. exd5 Nxd5 8.
Re1 Bg4 9. h3 Bh5 10. g4 Bg6 11. Nxe5 Nxe5 12. Rxe5 Nb6 13. Bb3 Bf6 14. Re3 Bg5
15. Rf3 Bxc1 16. Qxc1 Bxd3 17. Qf4 Bg6 18. Na3 c6 19. Rd1 Qe7 20. Re3 Qh4 21.
Qc7 Rae8 22. Rde1 Rd8 23. Qxb7 Nd5 24. Bxd5 cxd5 25. Qe7 f6 26. Nb5 Rb8 27. Nd6
h5 28. b3 Kh7 29. Qe6 Qg5 30. Kf1 f5 31. gxh5 Qxh5 32. Qxd5 Rbd8 33. c4 Qh4 34.
c5 f4 35. Rc3 f3 36. Rxf3 Rxf3 37. Qxf3 Rf8 38. Qg2 Bd3+ 39. Kg1 Qb4 40. Re7
Qc3 41. Qg3 Qc1+ 42. Kh2 Bg6 43. Qh4+ Kg8 44. Qc4+ Qxc4 45. bxc4 Rxf2+ 46. Kg3
Rxa2 47. c6 1-0

[Event "26.Torneo Collado Villalba 2011"]
[Site "Collado Villalba ESP"]
[Date "2011.08.29"]
[Round "7.14"]
[White "Salgado Lopez, Oscar"]
[Black "Torres Grajales, Ramon"]
[Result "1/2-1/2"]
[WhiteElo "2219"]
[BlackElo "2056"]
[PlyCount "111"]
[EventDate "2011.08.23"]
[EventType "swiss"]
[EventRounds "9"]
[EventCountry "ESP"]
[Source "lmi"]
[SourceDate "2011.08.23"]

1. e4 e5 2. Nf3 Nc6 3. d4 exd4 4. Nxd4 Bc5 5. Be3 Qf6 6. Nb5 Bb4+ 7. c3 Ba5 8.
Be2 Nge7 9. O-O a6 10. Nd4 Qg6 11. Nd2 d5 12. Nxc6 Qxc6 13. Nb3 Bb6 14. Bxb6
cxb6 15. exd5 Qxd5 16. Qxd5 Nxd5 17. Bf3 Nc7 18. Rfe1+ Ne6 19. Nd4 Rb8 20. Bd5
Ke7 21. Re3 Re8 22. Rae1 Kf6 23. Rf3+ Ke7 24. Nf5+ Kd7 25. Bxe6+ fxe6 26. Nxg7
Re7 27. Nh5 Kc6 28. Rf8 Kc7 29. Nf6 Bd7 30. Rxb8 Kxb8 31. Nd5 Rg7 32. Nxb6 Bc6
33. g3 Kc7 34. Nc4 Bd5 35. Ne5 Bxa2 36. f4 Bb3 37. c4 a5 38. Re3 a4 39. Rd3 Kb6
40. Rd6+ Kc5 41. Rxe6 Bxc4 42. Re8 Rc7 43. g4 b5 44. Nxc4 Kxc4 45. Re2 Kb3 46.
f5 b4 47. f6 a3 48. bxa3 bxa3 49. Re3+ Kb2 50. Re7 a2 51. Rxc7 a1=Q+ 52. Kf2
Qh1 53. f7 Qxh2+ 54. Kf3 Qd6 55. Ke4 Qe6+ 56. Kf4 1/2-1/2

[Event "26.Torneo Collado Villalba 2011"]
[Site "Collado Villalba ESP"]
[Date "2011.08.29"]
[Round "7.15"]
[White "De La Fuente Gonzalez, Francisc"]
[Black "Erice Alonso, Santiago"]
[Result "1-0"]
[WhiteElo "2190"]
[BlackElo "2043"]
[PlyCount "49"]
[EventDate "2011.08.23"]
[EventType "swiss"]
[EventRounds "9"]
[EventCountry "ESP"]
[Source "lmi"]
[SourceDate "2011.08.23"]

1. c4 e5 2. Nc3 Nf6 3. g3 c6 4. Nf3 d5 5. cxd5 e4 6. Nd4 cxd5 7. Bg2 Qb6 8. Nb3
Nc6 9. O-O Be7 10. d3 exd3 11. Qxd3 Be6 12. Be3 Qd8 13. Rfd1 O-O 14. Qb5 Nb4
15. Bc5 Bxc5 16. Nxc5 Qb6 17. a3 Qxb5 18. Nxb5 Nc6 19. Nc7 Rab8 20. N7xe6 fxe6
21. Nxe6 Rfe8 22. Nf4 d4 23. Rac1 g5 24. Nd5 Nd7 25. Bh3 1-0

[Event "26.Torneo Collado Villalba 2011"]
[Site "Collado Villalba ESP"]
[Date "2011.08.29"]
[Round "7.16"]
[White "Martin Martin, Luis Vicente"]
[Black "Unciti Juan, Javier"]
[Result "0-1"]
[WhiteElo "2048"]
[BlackElo "2133"]
[PlyCount "114"]
[EventDate "2011.08.23"]
[EventType "swiss"]
[EventRounds "9"]
[EventCountry "ESP"]
[Source "lmi"]
[SourceDate "2011.08.23"]

1. d4 e6 2. Bf4 Nf6 3. e3 c5 4. c3 cxd4 5. exd4 b6 6. Nd2 Be7 7. Ngf3 O-O 8.
Bd3 Ba6 9. Bxa6 Nxa6 10. Qe2 Nc7 11. h3 Ncd5 12. Bh2 d6 13. c4 Nb4 14. O-O d5
15. a3 Nc6 16. Rac1 dxc4 17. Rxc4 Na5 18. Rc2 Rc8 19. Rfc1 Rxc2 20. Rxc2 Qd5
21. b4 Nb3 22. Qc4 Nxd2 23. Qxd5 Nxd5 24. Nxd2 Rd8 25. Rc6 Kf8 26. Kf1 Bf6 27.
Nf3 Ke7 28. Ke2 Kd7 29. b5 Rc8 30. Rxc8 Kxc8 31. Kd3 Be7 32. a4 f6 33. Ne1 Bd8
34. Bd6 Bc7 35. Bf8 g6 36. g3 Kd7 37. Ba3 Bd6 38. Bb2 g5 39. Nc2 f5 40. Bc1 h6
41. g4 Nf6 42. f3 Nd5 43. Bd2 Bf4 44. Bb4 Bc1 45. Bf8 Nf4+ 46. Kc4 Nxh3 47.
Bxh6 Ng1 48. d5 Nxf3 49. dxe6+ Kxe6 50. gxf5+ Kxf5 51. Nd4+ Nxd4 52. Kxd4 Bf4
53. Kd5 g4 54. Bg7 g3 55. Bd4 Bd2 56. Be5 g2 57. Bd4 Bb4 0-1

[Event "26.Torneo Collado Villalba 2011"]
[Site "Collado Villalba ESP"]
[Date "2011.08.29"]
[Round "7.17"]
[White "Madurga Lopez, Ignacio"]
[Black "Alcazar Jimenez, Jesus"]
[Result "1-0"]
[WhiteElo "2036"]
[BlackElo "2257"]
[PlyCount "43"]
[EventDate "2011.08.23"]
[EventType "swiss"]
[EventRounds "9"]
[EventCountry "ESP"]
[Source "lmi"]
[SourceDate "2011.08.23"]

1. e4 e5 2. Nf3 Nc6 3. d4 exd4 4. Nxd4 Qh4 5. Be3 Qxe4 6. Nb5 Bb4+ 7. Nd2 Bxd2+
8. Qxd2 Kd8 9. O-O-O a6 10. Nxc7 Kxc7 11. Qd6+ Kd8 12. Bb6+ Ke8 13. Bd3 Qh4 14.
Rhe1+ Nge7 15. Rd2 Qh6 16. Qc7 g6 17. f4 f6 18. Rde2 Qf8 19. Bc4 d5 20. Bxd5
Bd7 21. Bxc6 bxc6 22. Bc5 1-0

[Event "26.Torneo Collado Villalba 2011"]
[Site "Collado Villalba ESP"]
[Date "2011.08.29"]
[Round "7.18"]
[White "Cao Armillas, Jesus"]
[Black "Bote Kobolo, Benjamin"]
[Result "1-0"]
[WhiteElo "2194"]
[BlackElo "1979"]
[PlyCount "97"]
[EventDate "2011.08.23"]
[EventType "swiss"]
[EventRounds "9"]
[EventCountry "ESP"]
[Source "lmi"]
[SourceDate "2011.08.23"]

1. d4 Nf6 2. c4 g6 3. Nc3 Bg7 4. g3 O-O 5. Bg2 c5 6. d5 d6 7. Nf3 Bg4 8. Nd2
Qc8 9. Qc2 Bh3 10. O-O Bxg2 11. Kxg2 Nbd7 12. f4 Ng4 13. Nf3 Nb6 14. Qd3 e6 15.
e4 exd5 16. exd5 Nh6 17. Nh4 a6 18. Bd2 Qg4 19. Nd1 Bf6 20. Ne3 Qd7 21. Nf3 Na4
22. Rab1 Nxb2 23. Qb3 Na4 24. Qxb7 Qe8 25. Rfe1 Rb8 26. Qxa6 Rxb1 27. Rxb1 Nc3
28. Re1 Qb8 29. Rc1 Ne4 30. Rc2 Qb1 31. Qa3 Nf5 32. Rc1 Qb7 33. Qd3 Re8 34. Ng4
Bg7 35. Re1 Nd4 36. Rxe4 Ra8 37. Nxd4 cxd4 38. Nf2 f5 39. Re6 Rxa2 40. Re8+ Kf7
41. Re2 Qa7 42. Bc1 Ra1 43. Bb2 Ra4 44. Rd2 Qe7 45. Bxd4 Bxd4 46. Qxd4 Qe1 47.
Rb2 Qe7 48. Qh8 Rxc4 49. Rb8 1-0

[Event "26.Torneo Collado Villalba 2011"]
[Site "Collado Villalba ESP"]
[Date "2011.08.29"]
[Round "7.19"]
[White "Lopez Heras, Arturo"]
[Black "Aziz Ortego, Omar Luis"]
[Result "1-0"]
[WhiteElo "1949"]
[BlackElo "2168"]
[PlyCount "43"]
[EventDate "2011.08.23"]
[EventType "swiss"]
[EventRounds "9"]
[EventCountry "ESP"]
[Source "lmi"]
[SourceDate "2011.08.23"]

1. c4 c5 2. Nf3 g6 3. d4 cxd4 4. Nxd4 Bg7 5. e4 Nc6 6. Be3 Nf6 7. Nc3 Ng4 8.
Qxg4 Nxd4 9. Qd1 Nc6 10. Be2 O-O 11. Qd2 d6 12. h4 Qa5 13. h5 Be6 14. hxg6 fxg6
15. Rc1 Rac8 16. b3 Rf7 17. f4 Nb4 18. g4 b5 19. f5 Bd7 20. Nd5 Bb2 21. Qxb4
Qxb4+ 22. Nxb4 1-0

[Event "26.Torneo Collado Villalba 2011"]
[Site "Collado Villalba ESP"]
[Date "2011.08.29"]
[Round "7.20"]
[White "Alvarez Carbajales, Fermin"]
[Black "Prada Lopez, Miguel Angel"]
[Result "1/2-1/2"]
[WhiteElo "1931"]
[BlackElo "2150"]
[PlyCount "122"]
[EventDate "2011.08.23"]
[EventType "swiss"]
[EventRounds "9"]
[EventCountry "ESP"]
[Source "lmi"]
[SourceDate "2011.08.23"]

1. e4 c5 2. Nc3 Nc6 3. g3 g6 4. Bg2 Bg7 5. d3 Nf6 6. h3 d5 7. Nxd5 Nxd5 8. exd5
Nb4 9. c3 Nxd5 10. Qa4+ Bd7 11. Qc4 e6 12. Qxc5 Nxc3 13. Nf3 Na4 14. Qa3 Qe7
15. Qxe7+ Kxe7 16. d4 Bc6 17. b3 Bxf3 18. Ba3+ Kd7 19. Bxf3 Nc3 20. Bb2 Nd5 21.
Ke2 Rhc8 22. Rac1 a5 23. Rxc8 Rxc8 24. Be4 b5 25. Bxd5 exd5 26. Kd3 Bf8 27. Rc1
Re8 28. Bc3 b4 29. Bd2 Bd6 30. Re1 Ra8 31. Rb1 f5 32. g4 fxg4 33. hxg4 h5 34.
gxh5 gxh5 35. Rh1 Rh8 36. Bg5 Ke6 37. f4 Kf5 38. Ke3 Re8+ 39. Kd3 Kg4 40. Rh4+
Kf5 41. Rxh5 Kg4 42. Rh6 Bxf4 43. Bxf4 Kxf4 44. Rd6 Re3+ 45. Kd2 Rh3 46. Rxd5
Rh2+ 47. Kd3 Rxa2 48. Kc4 Rc2+ 49. Kd3 Rc3+ 50. Kd2 Ke4 51. Rxa5 Kxd4 52. Ra8
Rxb3 53. Kc2 Rc3+ 54. Kb2 Rc7 55. Rh8 Kc4 56. Rh4+ Kb5 57. Rh5+ Ka4 58. Rh8 Rc5
59. Ra8+ Kb5 60. Rb8+ Kc4 61. Rh8 Rd5 1/2-1/2

[Event "26.Torneo Collado Villalba 2011"]
[Site "Collado Villalba ESP"]
[Date "2011.08.29"]
[Round "7.21"]
[White "Suarez Triguero, Jose Alfonso"]
[Black "Serrano Martinez, Francisco Jos"]
[Result "1/2-1/2"]
[WhiteElo "2079"]
[BlackElo "1950"]
[PlyCount "42"]
[EventDate "2011.08.23"]
[EventType "swiss"]
[EventRounds "9"]
[EventCountry "ESP"]
[Source "lmi"]
[SourceDate "2011.08.23"]

1. Nf3 c5 2. c4 Nc6 3. Nc3 g6 4. e4 Bg7 5. Be2 e6 6. O-O Nge7 7. d3 O-O 8. Bg5
a6 9. Qd2 b6 10. Bh6 Bb7 11. Bxg7 Kxg7 12. d4 cxd4 13. Nxd4 d5 14. exd5 exd5
15. Nxc6 Bxc6 16. cxd5 Nxd5 17. Nxd5 Bxd5 18. Rfd1 Be6 19. Qe3 Qf6 20. Bf3 Rab8
21. b3 Rfd8 1/2-1/2

[Event "26.Torneo Collado Villalba 2011"]
[Site "Collado Villalba ESP"]
[Date "2011.08.29"]
[Round "7.22"]
[White "Garcia Fernandez, Jesus"]
[Black "Gonzalez Mateos, Rafael"]
[Result "1/2-1/2"]
[WhiteElo "1935"]
[BlackElo "2186"]
[PlyCount "118"]
[EventDate "2011.08.23"]
[EventType "swiss"]
[EventRounds "9"]
[EventCountry "ESP"]
[Source "lmi"]
[SourceDate "2011.08.23"]

1. e4 e6 2. d4 d5 3. Nc3 Bb4 4. Bd2 Ne7 5. a3 Bxc3 6. Bxc3 O-O 7. Bd3 dxe4 8.
Bxe4 Nd7 9. Nf3 Nf6 10. Bd3 Ned5 11. Bd2 b6 12. c4 Ne7 13. Qe2 Bb7 14. O-O-O
Bxf3 15. Qxf3 Qd7 16. h4 Qc6 17. Qe2 b5 18. c5 Rab8 19. g4 Rfd8 20. g5 Nfd5 21.
Be4 b4 22. Bxb4 Rxb4 23. axb4 Rb8 24. Qc2 Rxb4 25. Rh3 Qb5 26. Ra3 Rc4 27. Rc3
Nxc3 28. bxc3 Qa5 29. Kb2 Ra4 30. Qb3 g6 31. Bc2 Nd5 32. Qxa4 Qxc3+ 33. Kc1 Nb4
34. Qb3 Qa1+ 35. Kd2 Qxd4+ 36. Ke2 Qxc5 37. Rd8+ Kg7 38. Bd3 a5 39. Qb2+ e5 40.
Qb3 c6 41. Qc4 Qe7 42. Ra8 h6 43. Rxa5 Nd5 44. Qxc6 Nf4+ 45. Kd2 hxg5 46. Qc5
Qd8 47. Qxe5+ Kh7 48. Ra3 Qb6 49. hxg5 Qxf2+ 50. Be2 Qb6 51. Ra1 Qd8+ 52. Ke3
Nh3 53. Rh1 Qb6+ 54. Kf3 Qf2+ 55. Kg4 Qg2+ 56. Qg3 Qxh1 57. Qxh3+ Qxh3+ 58.
Kxh3 Kg7 59. Kg4 f6 1/2-1/2

[Event "26.Torneo Collado Villalba 2011"]
[Site "Collado Villalba ESP"]
[Date "2011.08.29"]
[Round "7.23"]
[White "Morona Minguez, Irene"]
[Black "Arauz Alonso, Fernando"]
[Result "0-1"]
[WhiteElo "1930"]
[BlackElo "2123"]
[PlyCount "68"]
[EventDate "2011.08.23"]
[EventType "swiss"]
[EventRounds "9"]
[EventCountry "ESP"]
[Source "lmi"]
[SourceDate "2011.08.23"]

1. e4 c6 2. d4 d5 3. exd5 cxd5 4. c4 Nf6 5. Nc3 g6 6. Qb3 Bg7 7. cxd5 O-O 8.
Be2 Nbd7 9. Bf3 Nb6 10. Nge2 Bf5 11. Bf4 Bd3 12. d6 exd6 13. O-O Bc4 14. Qb4 d5
15. b3 Bxe2 16. Nxe2 Ne4 17. Rac1 Qf6 18. Be5 Qg5 19. Bxg7 Kxg7 20. Bxe4 dxe4
21. Rc5 Qg4 22. Ng3 Rad8 23. h3 Qd7 24. Rd1 Nd5 25. Qd2 Rfe8 26. Qg5 f6 27. Qd2
b6 28. Rcc1 e3 29. fxe3 Rxe3 30. Nf1 Re7 31. Re1 Rde8 32. Qf2 Qd6 33. Qg3 Nf4
34. Rcd1 Nxh3+ 0-1